[Event "1st Hofheim Open"]
[Site "Hofheim GER"]
[Date "2013.04.03"]
[Round "2.13"]
[White "Lampert,J"]
[Black "Brandl,L"]
[Result "1-0"]
[WhiteElo "2284"]
[BlackElo "1691"]

1.d4 Nf6 2.c4 g6 3.Nc3 d5 4.cxd5 Nxd5 5.e4 Nxc3 6.bxc3 Bg7 7.Bc4 c5 8.Ne2 Nc6
9.Be3 O-O 10.O-O e6 11.Qd2 Re8 12.Rfd1 a6 13.Qb2 b5 14.dxc5 Qe7 15.Bb3 Bb7
16.f4 Rac8 17.Qd2 Red8 18.Qe1 Qc7 19.Rxd8+ Rxd8 20.Rd1 Na5 21.Bc2 Nc4 22.Bf2 Bf8
23.Rxd8 Qxd8 24.Bd4 Qc8 25.Qf2 Qa8 26.Ng3 h5 27.Bd3 Na5 28.f5 exf5 29.exf5 Qe8
30.fxg6 fxg6 31.Nxh5 Be7 32.Nf6+ Bxf6 33.Qxf6  1-0

[Event "Sydney International Open 2013"]
[Site "Sydney AUS"]
[Date "2013.04.03"]
[Round "2.1"]
[White "Akshat,Kh"]
[Black "Li Chao2"]
[Result "0-1"]
[WhiteElo "2393"]
[BlackElo "2686"]

1.d4 Nf6 2.c4 g6 3.Nc3 d5 4.cxd5 Nxd5 5.e4 Nxc3 6.bxc3 Bg7 7.Nf3 c5 8.Rb1 O-O
9.Be2 Qa5 10.O-O Qxa2 11.Bg5 Qe6 12.Qc2 Nd7 13.Rfd1 b6 14.Bb5 Bb7 15.d5 Qd6
16.Nd2 f6 17.Nc4 Qc7 18.d6 exd6 19.Bf4 Ne5 20.Nxd6 Kh8 21.Bxe5 fxe5 22.Nxb7 Qxb7
23.Rd7 Qc8 24.Rbd1 a6 25.Bc4 b5 26.Bf7 c4 27.Qe2 Qc5 28.R1d5 Qa3 29.Qc2 b4
30.cxb4 Qxb4 31.Rd1 c3 32.g3 Qb2 33.Rc1 Bh6 34.f4 Rac8 35.Qd1 c2 36.Qd2 exf4
37.gxf4 Qf6  0-1

[Event "Bundesliga 2012-13"]
[Site "Schwetzingen GER"]
[Date "2013.04.05"]
[Round "13"]
[White "Fressinet,L"]
[Black "Grandelius,N"]
[Result "1/2-1/2"]
[WhiteElo "2702"]
[BlackElo "2593"]

1.d4 Nf6 2.c4 g6 3.Nc3 d5 4.cxd5 Nxd5 5.e4 Nxc3 6.bxc3 Bg7 7.Be3 c5 8.Nf3 Qa5
9.Nd2 Bd7 10.Rb1 Qxc3 11.dxc5 Bc6 12.Bb5 Nd7 13.O-O O-O 14.Rb3 Qf6 15.Nc4 Bxb5
16.Rxb5 Qc6 17.a4 b6 18.cxb6 Qxc4 19.Qxd7 axb6 20.Qxe7 Rxa4 21.Rxb6 Qxe4
22.Qxe4  1/2-1/2

[Event "College Final Four 2013"]
[Site "Rockville USA"]
[Date "2013.04.06"]
[Round "2"]
[White "Paikidze,N"]
[Black "Robson,R"]
[Result "0-1"]
[WhiteElo "2392"]
[BlackElo "2618"]

1.d4 Nf6 2.c4 g6 3.Nc3 d5 4.cxd5 Nxd5 5.e4 Nxc3 6.bxc3 Bg7 7.Bc4 c5 8.Ne2 O-O
9.O-O Nc6 10.Be3 Bg4 11.f3 Bd7 12.Rb1 Qc7 13.dxc5 Rad8 14.Bb5 Ne5 15.Bxd7 Rxd7
16.Qa4 a6 17.Rfd1 Rfd8 18.Rxd7 Rxd7 19.Bd4 h5 20.Qb3 Nc6 21.Bxg7 Kxg7 22.Nd4 Nxd4
23.cxd4 Rxd4 24.Rc1 Qd7 25.h4 Rd2 26.Qc3+ Kg8 27.Rc2 Rd3 28.Qe5 f6 29.Qg3 Kf7
30.Qf2 Rd1+ 31.Kh2 Qc7+ 32.g3 Qd7 33.Kg2 Qd3 34.Rb2 a5 35.Re2 a4 36.Re3 Qd4
37.Re2 Qd3 38.Re3 Qb1 39.e5 Qc1 40.exf6 exf6 41.Re2 a3 42.Rc2 Rg1+ 43.Kh2 Rh1+
44.Kg2 Rg1+ 45.Kh2 Rf1 46.Qg2 Rh1+ 47.Qxh1 Qxc2+ 48.Kh3 Qxa2 49.Qd1 Qe6+
50.Kg2 a2 51.Qd4 Qe2+ 52.Kh3 Qe6+ 53.Kg2 Kg7 54.Qb2 Qa6 55.Qa1 Qe2+ 56.Kh3 Qxf3  0-1

[Event "Bundesliga 2012-13"]
[Site "Schwetzingen GER"]
[Date "2013.04.07"]
[Round "15"]
[White "Rau,H"]
[Black "Gustafsson,J"]
[Result "1/2-1/2"]
[WhiteElo "2438"]
[BlackElo "2622"]

1.d4 Nf6 2.c4 g6 3.Nc3 d5 4.cxd5 Nxd5 5.e4 Nxc3 6.bxc3 Bg7 7.Nf3 c5 8.Be3 Qa5
9.Qd2 O-O 10.Rc1 Rd8 11.d5 e6 12.c4 Qxd2+ 13.Bxd2 Na6 14.Bc3 Nc7 15.Bd3 b6
16.O-O Ba6 17.Rfd1 exd5 18.exd5 Bxc3 19.Rxc3 Ne8 20.a4 Nd6 21.a5 Re8 22.Nd2 Rab8
23.axb6 axb6 24.Rb1 Bc8 25.Rcb3 Bf5 26.Bxf5 gxf5 27.g3 Re2 28.Rxb6 Rxb6 29.Rxb6 Rxd2
30.Rxd6 Rd4 31.Rf6 Rxc4 32.Rxf5 Rd4 33.d6 Rxd6 34.Rxc5 h6 35.h4 Kg7 36.Kg2 Rd2
37.Kf3 Ra2 38.Ke3 Rb2 39.Ra5 Rc2 40.Kf3 Rb2 41.Ke3 Rc2 42.f3 Rc3+ 43.Kf4 Rc4+
44.Kf5 Rc3 45.Kg4 Rb3 46.Rf5 Kg6 47.h5+ Kg7 48.Kh4 Rb1 49.g4 Rh1+ 50.Kg3 Rg1+
51.Kf4 Ra1 52.Rb5 Ra3 53.Ke4 Rc3 54.Kf4 Ra3 55.Kg3 Rc3 56.Rf5 Rc1 57.f4 Rg1+
58.Kh3 Rh1+ 59.Kg2 Rh4 60.Kg3 Rh1 61.Ra5 Rg1+ 62.Kh3 Rf1 63.Ra4 Rg1 64.Ra6 Rh1+
65.Kg2 Rh4 66.Kg3 Rh1 67.f5 Rg1+ 68.Kf4 Rf1+ 69.Ke3 Rg1 70.f6+ Kh7 71.Ra4 Rf1
72.Rf4 Re1+ 73.Kd4 Re6 74.Kd5 Kh8 75.Rf5  1/2-1/2

[Event "FSFMA April 2013"]
[Site "Budapest HUN"]
[Date "2013.04.08"]
[Round "3.1"]
[White "Kozak,Adam"]
[Black "Darazs,Z"]
[Result "1-0"]
[WhiteElo "2035"]
[BlackElo "2126"]

1.d4 Nf6 2.c4 g6 3.Nc3 d5 4.cxd5 Nxd5 5.e4 Nxc3 6.bxc3 Bg7 7.Be3 c5 8.Nf3 Qa5
9.Qd2 Nc6 10.Rc1 O-O 11.d5 Rd8 12.Bh6 e6 13.Bxg7 Kxg7 14.c4 Qxd2+ 15.Nxd2 Nd4
16.Nf3 Nxf3+ 17.gxf3 f5 18.Bh3 exd5 19.cxd5 Re8 20.Bg2 b6 21.O-O Bd7 22.Rfe1 Kf6
23.Rcd1 Rad8 24.d6 Ba4 25.Rd2 g5 26.Re3 Bd7 27.Red3 Re5 28.Ra3 a5 29.Rb2 b5
30.Rxa5 c4 31.Ra6 Be6 32.Rc6 Bd7 33.Rc7 g4 34.f4 Rxe4 35.Bxe4 fxe4 36.Rd2 Be6
37.Rc5 b4 38.Rc6 c3 39.Rd4 Rb8 40.d7 Rd8 41.Rdd6  1-0

[Event "FSIM April 2013"]
[Site "Budapest HUN"]
[Date "2013.04.08"]
[Round "3.2"]
[White "Krumpacnik,D"]
[Black "Battey,A"]
[Result "1/2-1/2"]
[WhiteElo "2338"]
[BlackElo "2301"]

1.d4 Nf6 2.c4 g6 3.Nc3 d5 4.cxd5 Nxd5 5.e4 Nxc3 6.bxc3 Bg7 7.Nf3 c5 8.Rb1 O-O
9.Be2 Nc6 10.d5 Ne5 11.Nxe5 Bxe5 12.Qd2 e6 13.O-O exd5 14.exd5 b6 15.c4 Bf5
16.Bd3 Qf6 17.Bxf5 Qxf5 18.Bb2 Bd6 19.Rbe1 Rae8 20.h3 f6 21.Re2 Re4 22.Rfe1 Rxc4
23.Qe3 Be5 24.Bxe5 fxe5 25.Qxe5 Qxe5 26.Rxe5 Rd4 27.R1e4 Rd1+ 28.Re1 Rd2
29.R1e2 Rd1+ 30.Re1 Rd2  1/2-1/2

[Event "65th ch-ARG w 2013"]
[Site "Villa Martelli ARG"]
[Date "2013.04.08"]
[Round "4.7"]
[White "D Ascanio,Florencia"]
[Black "Strgacich,Aylen"]
[Result "1-0"]
[WhiteElo "1565"]
[BlackElo "1742"]

1.d4 Nf6 2.c4 g6 3.Nc3 d5 4.cxd5 Nxd5 5.e4 Nxc3 6.bxc3 Bg7 7.Nf3 O-O 8.Be2 c5
9.Rb1 Qa5 10.Bd2 Qxa2 11.O-O Qe6 12.Ng5 Qd7 13.d5 b6 14.Qc1 Bb7 15.Nf3 Qe8
16.Bh6 e6 17.Bxg7 Kxg7 18.Bb5 Qe7 19.c4 exd5 20.exd5 Nd7 21.Re1 Qd6 22.Bxd7 Qxd7
23.Qc3+ Kg8 24.Ng5 f6 25.Ne4 Qg7 26.Nd6 Rad8 27.Re6 Bc8 28.Nxc8 Rxc8 29.Rbe1 Rcd8
30.Re7 Rf7 31.R7e6 f5 32.Qd3 Rfd7 33.h3 Rd6 34.Qe3 Qf7 35.Re7 Qf6 36.Qh6 a5
37.Qxh7+ Kf8 38.Qh6+ Kg8 39.Re8+ Kf7 40.Qh7+ Qg7 41.R8e7+  1-0

[Event "14th TCh-RUS w 2013"]
[Site "Loo RUS"]
[Date "2013.04.10"]
[Round "3"]
[White "Ushenina,A"]
[Black "Atalik,E"]
[Result "1/2-1/2"]
[WhiteElo "2488"]
[BlackElo "2455"]

1.d4 Nf6 2.c4 g6 3.Nc3 d5 4.cxd5 Nxd5 5.e4 Nxc3 6.bxc3 Bg7 7.Nf3 c5 8.Rb1 O-O
9.Be2 b6 10.O-O Bb7 11.Qd3 Ba6 12.Qc2 Qc8 13.Bxa6 Qxa6 14.Bg5 e6 15.Rfd1 h6
16.Be3 Nd7 17.e5 cxd4 18.cxd4 Rac8 19.Qb3 Rc4 20.d5 exd5 21.Rxd5 Nc5 22.Bxc5 Rxc5
23.Rxc5 bxc5 24.Rc1 Rc8 25.Rc4 Qe6 26.Qc3 Rb8 27.h4 Rb1+ 28.Kh2 Rf1 29.Kg3 Ra1
30.Rxc5 Rxa2 31.Rc8+ Kh7 32.Rc6 Qf5 33.Rc4 Qe6 34.Rc6 Qf5 35.Rc4 Qe6 36.Rc6 Qf5
37.Rc4 Qe6 38.Rc6 Qf5 39.Rc4 Qe6 40.Rc6  1/2-1/2

[Event "77th ch-BUL 2013"]
[Site "Bankya BUL"]
[Date "2013.04.16"]
[Round "1.4"]
[White "Enchev,I"]
[Black "Kozhuharov,S"]
[Result "1-0"]
[WhiteElo "2451"]
[BlackElo "2467"]

1.d4 Nf6 2.c4 g6 3.Nc3 d5 4.cxd5 Nxd5 5.e4 Nxc3 6.bxc3 Bg7 7.Bc4 c5 8.Ne2 O-O
9.O-O Nc6 10.Be3 b6 11.Qd2 Na5 12.Bd3 e5 13.Bh6 cxd4 14.cxd4 exd4 15.Bxg7 Kxg7
16.f4 f6 17.f5 Qd6 18.Nf4 g5 19.e5 Qxe5 20.Rae1 Qc5 21.Nh5+ Kf7 22.h4 h6
23.Qe2 Qc7 24.hxg5 hxg5 25.Qe4 Rd8 26.Re2 Qd6 27.Rfe1 Bd7 28.Qe7+ Qxe7 29.Rxe7+ Kf8
30.Nxf6 Bc6 31.R1e6 Be8 32.Nh7+ Kg8 33.Nxg5 Nc6 34.Bc4 Nxe7 35.Rxe7+  1-0

[Event "4th LUCOPEN 2013"]
[Site "Lille FRA"]
[Date "2013.04.16"]
[Round "5.11"]
[White "Flear,G"]
[Black "Smith,T"]
[Result "1/2-1/2"]
[WhiteElo "2475"]
[BlackElo "2182"]

1.d4 Nf6 2.c4 g6 3.Nc3 d5 4.cxd5 Nxd5 5.e4 Nxc3 6.bxc3 Bg7 7.Bg5 h6 8.Be3 c5
9.Rc1 Qa5 10.Qd2 cxd4 11.cxd4 Qxd2+ 12.Kxd2 O-O 13.Nf3 Rd8 14.Rc7 Nc6 15.Bb5 Nxd4
16.Bxd4 Bxd4 17.Nxd4 Rxd4+ 18.Ke3 e5 19.Bc4 Rd7 20.Rc5 b6 21.Rxe5 Bb7 22.Bb5 Rc7
23.Rd1 Rac8 24.g3 Rc5 25.Rxc5 Rxc5 26.Rd8+ Kg7 27.Bd3 Ra5 28.Bc4 Ra4 29.Rd4 Ba6
30.Bb3 Rxd4 31.Kxd4 Kf6 32.e5+ Ke7 33.f4 f6 34.h4 Bc8 35.a3 g5 36.exf6+ Kxf6
37.fxg5+ hxg5 38.Bd1 gxh4 39.gxh4 Bd7 40.Be2 a5 41.Kd5 b5 42.Kc5 b4 43.axb4 axb4  1/2-1/2

[Event "TCh-NED Meesterklasse 2012-13"]
[Site "Netherland NED"]
[Date "2013.04.20"]
[Round "9.9"]
[White "Miedema,D"]
[Black "Dijkhuis,Tycho"]
[Result "1/2-1/2"]
[WhiteElo "2373"]
[BlackElo "2049"]

1.d4 Nf6 2.c4 g6 3.Nc3 d5 4.cxd5 Nxd5 5.e4 Nxc3 6.bxc3 Bg7 7.Bc4 c5 8.Ne2 Nc6
9.Be3 O-O 10.O-O Bg4 11.f3 Na5 12.Bd3 cxd4 13.cxd4 Be6 14.d5 Bxa1 15.Qxa1 f6
16.Bh6 Re8 17.Kh1 Rc8 18.Nf4 Bd7 19.e5 Nc4 20.e6 Ba4 21.Nxg6 hxg6 22.Bxg6 Ne5
23.Be4 Bc2 24.Bxc2 Rxc2 25.Qd1 Qc7 26.f4 Rc1 27.Qxc1 Qxc1 28.Rxc1 Ng4 29.h3 Nxh6
30.g4 b5 31.Rc7 Kf8 32.Rxa7 Rd8 33.Rd7 Ra8 34.Rb7 Ng8 35.g5 fxg5 36.fxg5 Rxa2
37.d6 exd6 38.Rf7+ Ke8 39.g6 Re2 40.g7 Rxe6 41.Rf8+ Ke7 42.Rxg8 Kf7 43.Rb8 Kxg7
44.Rxb5 Re2 45.Rd5 Re6 46.Kg2 Rg6+ 47.Kh2 Kh6 48.h4 Re6 49.Kg3 Rg6+ 50.Kh3 Re6
51.Rf5 Re3+ 52.Kg4 Re4+ 53.Kg3 Re6 54.Kf4 Kg7 55.Rg5+ Rg6 56.Rb5 Rf6+ 57.Kg5 Rg6+
58.Kh5 Rh6+ 59.Kg4 Rg6+ 60.Kh3 Kh6 61.Rb8 Kh5 62.Rd8 Re6 63.Rh8+ Rh6 64.Rf8 Re6
65.Kg3 Rg6+ 66.Kh3 Re6 67.Rf5+ Kg6 68.Ra5 Re3+ 69.Kg4 Re4+ 70.Kg3 Re3+ 71.Kf4 Re1
72.Rd5 Rf1+ 73.Kg3 Rf6 74.Kg4 Re6 75.Rg5+ Kh6 76.Rh5+ Kg7 77.Kf4 Re5 78.Rxe5 dxe5+
79.Kxe5  1/2-1/2

[Event "ch-LTU w 2013"]
[Site "Vilnius LTU"]
[Date "2013.04.20"]
[Round "6.5"]
[White "Zykiene,R"]
[Black "Vanagaite,G"]
[Result "0-1"]
[WhiteElo "2001"]
[BlackElo "2033"]

1.d4 Nf6 2.c4 g6 3.Nc3 d5 4.cxd5 Nxd5 5.e4 Nxc3 6.bxc3 Bg7 7.Nf3 c5 8.Bb5+ Nc6
9.O-O O-O 10.Bxc6 bxc6 11.Ba3 cxd4 12.Nxd4 Qc7 13.Qa4 c5 14.Nb3 Be5 15.h3 Bd6
16.Nd2 Bd7 17.Qc2 Be6 18.c4 Rfd8 19.Bb2 Be5 20.Bxe5 Qxe5 21.Nf3 Qf4 22.Qe2 g5
23.Rfd1 g4 24.hxg4 Bxg4 25.Rd5 Kh8 26.Qe3 Qxe3 27.fxe3 Rac8 28.Rad1 Rg8 29.Kf2 Be6
30.Rh5 f6 31.Rdh1 Rg7 32.Nd2 a5 33.Rb1 Rd8 34.Rb2 Rg5 35.Rxg5 fxg5 36.Nb3 Rb8
37.Rc2 Rb4 38.Nxa5 Kg7 39.a3 Rb6 40.Rc3 Rb2+ 41.Kf3 h5 42.Rb3 Rc2 43.Rb5 h4
44.Rxc5 g4+ 45.Kf4 Rxg2 46.Rh5 h3 47.Nc6 h2 48.Ne5 g3 49.Nf3 Rg1 50.Nxh2 gxh2
51.Rxh2 Bxc4 52.Rc2 Bb3 53.Rc3 Bf7 54.Ke5 Rg5+ 55.Kd4 Ra5 56.e5 Ra4+ 57.Kc5 Kg6
58.Kb5 Be8+ 59.Kb6 Kf5 60.Kc7 e6 61.Kd6 Ra6+ 62.Ke7 Bg6 63.Rc5 Ke4 64.Kf6 Bf5
65.Rc3 Ra5 66.Rb3 Kd5 67.Rc3 Ra4 68.Rb3 Kc4 69.Rb6 Rxa3 70.e4 Bh3 71.Rxe6 Bxe6
72.Kxe6 Kc5 73.Kf7 Ra7+ 74.Kf6 Kc6 75.e6 Rh7 76.e5 Kc7 77.e7 Kd7 78.e6+ Ke8  0-1

[Event "48th Capablanca Open I 2013"]
[Site "Havana CUB"]
[Date "2013.04.22"]
[Round "2.23"]
[White "Torres Rosas,L"]
[Black "Bacallao Alonso,Y"]
[Result "1-0"]
[WhiteElo "2298"]
[BlackElo "2542"]

1.d4 Nf6 2.c4 g6 3.Nc3 d5 4.cxd5 Nxd5 5.e4 Nxc3 6.bxc3 Bg7 7.Qa4+ Nd7 8.Nf3 O-O
9.Be2 c5 10.O-O Qc7 11.Bg5 Nf6 12.Bd3 Bd7 13.Qa3 e6 14.e5 Nd5 15.c4 Nb4 16.Be7 Rfe8
17.Bd6 Qc6 18.dxc5 Nxd3 19.Qxd3 b6 20.Rfe1 Qb7 21.Rab1 Qa6 22.Ng5 Bc6 23.Ne4 Rad8
24.Nf6+ Bxf6 25.exf6 bxc5 26.Qe3 Kh8 27.Qh6 Rg8 28.Rb3  1-0

[Event "Zonal 2.5 2013"]
[Site "Montevideo URU"]
[Date "2013.04.24"]
[Round "8.8"]
[White "Lopez Azambuja,N"]
[Black "Elters,A"]
[Result "1-0"]
[WhiteElo "2173"]
[BlackElo "2236"]

1.d4 Nf6 2.c4 g6 3.Nc3 d5 4.cxd5 Nxd5 5.e4 Nxc3 6.bxc3 Bg7 7.Be3 O-O 8.Qd2 e5
9.Nf3 Nc6 10.Bc4 exd4 11.cxd4 Bg4 12.Rd1 Qe7 13.h3 Bxf3 14.gxf3 Rfd8 15.d5 Ne5
16.Be2 Qa3 17.O-O Qe7 18.f4 Nd7 19.Bf3 Qh4 20.Bg2 Nf6 21.Qe2 Bh6 22.f5 Bxe3
23.Qxe3 gxf5 24.e5 Nh5 25.Rd4 f4 26.Qe4 Kh8 27.e6 fxe6 28.dxe6 Rg8 29.Qe5+ Qf6
30.Qxf6+ Nxf6 31.Rxf4 Nd5 32.Rd4 c6 33.Re1 Rae8 34.f4 Re7 35.f5 Reg7 36.Rg4 Nf6
37.Rxg7 Rxg7 38.Rd1 Rc7 39.Kf2 Kg7 40.Ke3 Kf8 41.Bf3 Ke7 42.Kf4 c5 43.Rg1 Kd6
44.Rd1+ Ke7 45.Rg1 Kd6 46.Rg2 c4 47.Kg5 Ke7 48.Kf4 Ne8 49.Ke5 Rc5+ 50.Bd5 c3
51.f6+ Nxf6 52.Rg7+ Kd8 53.Kxf6 Rxd5 54.Rg8+ Kc7 55.e7 Rd6+ 56.Kf5 Rd5+ 57.Ke4  1-0

[Event "ch-CHN w 2013"]
[Site "Xinghua CHN"]
[Date "2013.04.24"]
[Round "8.6"]
[White "Tan Zhongyi"]
[Black "Ni,Shiqun"]
[Result "1-0"]
[WhiteElo "2483"]
[BlackElo "2213"]

1.d4 Nf6 2.c4 g6 3.Nc3 d5 4.cxd5 Nxd5 5.e4 Nxc3 6.bxc3 Bg7 7.Bc4 c5 8.Ne2 Nc6
9.Be3 O-O 10.O-O Qc7 11.Rc1 Rd8 12.Bf4 Qd7 13.d5 Na5 14.Bd3 b5 15.Rb1 a6
16.Qc1 e6 17.Qa3 c4 18.Bc2 Nb7 19.Rbd1 exd5 20.Bg5 f6 21.Rxd5 Qe8 22.Be3 Bf8
23.Rxd8 Qxd8 24.Qc1 Be6 25.f4 Bf7 26.f5 Bc5 27.Nd4 b4 28.fxg6 hxg6 29.e5 fxe5
30.Rxf7 Kxf7 31.Qf1+ Qf6 32.Qxc4+ Ke7 33.Qd5 exd4 34.cxd4 Rd8 35.Qxb7+ Rd7
36.Qe4+ Kf8 37.dxc5 Qa1+ 38.Kf2 Rf7+ 39.Ke2 g5 40.c6 Qc3 41.Bxg5  1-0

[Event "Renova FIDE GP Zug"]
[Site "Zug SUI"]
[Date "2013.04.25"]
[Round "7.2"]
[White "Giri,A"]
[Black "Caruana,F"]
[Result "1/2-1/2"]
[WhiteElo "2727"]
[BlackElo "2772"]

1.d4 Nf6 2.c4 g6 3.Nc3 d5 4.cxd5 Nxd5 5.e4 Nxc3 6.bxc3 Bg7 7.Nf3 c5 8.Rb1 O-O
9.Be2 cxd4 10.cxd4 Qa5+ 11.Bd2 Qxa2 12.O-O Bg4 13.Be3 Nc6 14.d5 Ne5 15.Rxb7 a5
16.Rxe7 a4 17.Re1 a3 18.Nxe5 Bxe2 19.Rxe2 Qxe2 20.Qxe2 a2 21.Bd4 a1=Q+ 22.Bxa1 Rxa1+
23.Qf1 Rxf1+ 24.Kxf1 Bf6 25.Nc6 Bxe7 26.Nxe7+ Kg7 27.Nc6 Rc8 28.g4 h6 29.e5 Kf8
30.f4 Ra8 31.Ke2 Ra2+ 32.Kd3 Rxh2 33.f5 gxf5 34.gxf5 Rh1 35.e6 fxe6 36.fxe6 Rd1+
37.Ke4 h5 38.Ke5 h4 39.d6 Ke8 40.d7+ Rxd7 41.exd7+ Kxd7 42.Ke4  1/2-1/2

[Event "45th Italian Teams 2013"]
[Site "Bratto ITA"]
[Date "2013.04.29"]
[Round "4"]
[White "Efimov,Ig"]
[Black "Brunello,S"]
[Result "0-1"]
[WhiteElo "2426"]
[BlackElo "2582"]

1.d4 Nf6 2.c4 g6 3.Nc3 d5 4.cxd5 Nxd5 5.e4 Nxc3 6.bxc3 Bg7 7.Bb5+ c6 8.Ba4 O-O
9.Ne2 c5 10.O-O cxd4 11.cxd4 Nc6 12.Bxc6 bxc6 13.Ba3  0-1

[Event "Zonal 2.4 Absoluto 2013"]
[Site "Manaus BRA"]
[Date "2013.04.30"]
[Round "5.2"]
[White "Quintiliano Pinto,R"]
[Black "Cori T.,D"]
[Result "0-1"]
[WhiteElo "2315"]
[BlackElo "2430"]

1.d4 Nf6 2.c4 g6 3.Nc3 d5 4.cxd5 Nxd5 5.e4 Nxc3 6.bxc3 Bg7 7.Bc4 c5 8.Ne2 Nc6
9.Be3 O-O 10.Rc1 Qc7 11.h4 b5 12.Bd3 Rd8 13.Qd2 Ne5 14.dxe5 c4 15.Nd4 cxd3
16.f4 Qc4 17.Rb1 a5 18.O-O Bb7 19.Nxb5 Bxe4 20.Bd4 Rab8 21.Na7 e6 22.Rb2 Bf8
23.Rfb1 Rxb2 24.Rxb2 Rd5  0-1

[Event "Chinese Teams 2013"]
[Site "Tianjin CHN"]
[Date "2013.04.30"]
[Round "1.4"]
[White "Guo Qi"]
[Black "Qiu,Mengjie"]
[Result "1-0"]
[WhiteElo "2439"]
[BlackElo "2088"]

1.d4 Nf6 2.c4 g6 3.Nc3 d5 4.cxd5 Nxd5 5.e4 Nxc3 6.bxc3 Bg7 7.Nf3 c5 8.Be3 Qa5
9.Qd2 Nc6 10.Rc1 O-O 11.d5 Ne5 12.Nxe5 Bxe5 13.f4 Bg7 14.c4 Qxd2+ 15.Kxd2 b6
16.Bd3 e6 17.h3 f5 18.dxe6 fxe4 19.Bxe4 Rb8 20.Bd5 Re8 21.f5 Bb7 22.Bxb7 Rxb7
23.g4 Bf6 24.Kd3 gxf5 25.gxf5 Rg7 26.Ke4 h5 27.Rhg1 h4 28.Rxg7+ Kxg7 29.Rd1 a5
30.Bf4 Kf8 31.Rd7 Kg8 32.Be5 Bd8 33.Kd5  1-0

[Event "Chinese Teams 2013"]
[Site "Tianjin CHN"]
[Date "2013.04.30"]
[Round "1.4"]
[White "Shen Yang"]
[Black "Ding Yixin"]
[Result "1/2-1/2"]
[WhiteElo "2397"]
[BlackElo "2427"]

1.d4 Nf6 2.c4 g6 3.Nc3 d5 4.cxd5 Nxd5 5.e4 Nxc3 6.bxc3 Bg7 7.Nf3 c5 8.Be3 Qa5
9.Qd2 O-O 10.Rb1 cxd4 11.cxd4 Qxd2+ 12.Kxd2 e6 13.Bc4 Nc6 14.h4 Rd8 15.Bg5 Rd6
16.Ke3 Nxd4 17.e5 Nc2+ 18.Ke4 Rc6 19.Bb5 Rc5 20.Rhd1 Rd5 21.Be7 Bf8 22.Bxf8 Kxf8
23.Rd3 a5 24.a3 Nb4 25.Rxd5 Nxd5 26.Kd4 Ne7 27.Kc5 b6+ 28.Kxb6 Rb8+ 29.Kc5 Bd7
30.Bd3 Rc8+ 31.Kd4 Bc6  1/2-1/2

[Event "Zonal 2.4 Absoluto 2013"]
[Site "Manaus BRA"]
[Date "2013.05.01"]
[Round "7.17"]
[White "Lopes,Janio Ribeiro"]
[Black "Borges,W"]
[Result "0-1"]
[WhiteElo "2076"]
[BlackElo "2178"]

1.d4 Nf6 2.c4 g6 3.Nc3 d5 4.cxd5 Nxd5 5.e4 Nxc3 6.bxc3 Bg7 7.Bc4 c5 8.Ne2 Nc6
9.Be3 O-O 10.O-O Qc7 11.Qc2 Na5 12.Bd3 c4 13.Bf4 Qd8 14.Rab1 cxd3 15.Qxd3 b6
16.Rfd1 Bb7 17.h4 Qc8 18.Qf3 f5 19.d5 e5 20.Be3 Nc4 21.Bg5 Qd7 22.Rb4 Nd6
23.Qh3 Qf7 24.exf5 gxf5 25.f4 e4 26.h5 h6 27.Rf1 Bxd5 28.Qh4 Rfe8 29.g4 Rac8
30.Bxh6 fxg4 31.Bxg7 Qxg7 32.f5 Nf7 33.Nf4 Bc4 34.f6 Qg5 35.Qxg5+ Nxg5 36.Rd1 Kf7
37.Rd7+ Kxf6 38.Rxa7 Kf5 39.Ng2 e3 40.Rxb6 Nf3+ 41.Kh1 Rcd8 42.Ra5+ Ke4 43.Rb1 e2
44.Rb4 Rd1+ 45.Ne1 Rxe1+  0-1

[Event "Chinese Teams 2013"]
[Site "Tianjin CHN"]
[Date "2013.05.01"]
[Round "2.6"]
[White "Javakhishvili,L"]
[Black "Ni,Shiqun"]
[Result "1-0"]
[WhiteElo "2464"]
[BlackElo "2213"]

1.d4 Nf6 2.c4 g6 3.Nc3 d5 4.cxd5 Nxd5 5.e4 Nxc3 6.bxc3 Bg7 7.Qa4+ Nd7 8.Nf3 O-O
9.Bg5 c5 10.Rc1 Qc7 11.Bd3 e6 12.O-O b6 13.Be7 Re8 14.Bh4 Nf6 15.Bg3 Bd7
16.Qa3 Qb7 17.Rfe1 Bc6 18.Ba6 Qe7 19.d5 Bb7 20.d6 Qd7 21.Ne5 Qc8 22.Bb5 Rf8
23.d7 Qd8 24.Rcd1 Nxe4 25.Bc6 Nxc3 26.Bxb7 Nxd1 27.Bxa8  1-0

[Event "FSFMA May 2013"]
[Site "Budapest HUN"]
[Date "2013.05.04"]
[Round "1.5"]
[White "Haitbaev,Hayrulla"]
[Black "Darazs,Z"]
[Result "0-1"]
[WhiteElo "2082"]
[BlackElo "2165"]

1.d4 Nf6 2.c4 g6 3.Nc3 d5 4.cxd5 Nxd5 5.e4 Nxc3 6.bxc3 Bg7 7.Nf3 c5 8.Rb1 O-O
9.Be2 Bg4 10.O-O Bxf3 11.Bxf3 cxd4 12.cxd4 Bxd4 13.Rxb7 Nc6 14.Qa4 Qd6 15.Ba3 Qf6
16.Rc1 Rac8 17.Rd7 Bb6 18.Rd5 Ne5 19.Qb3 Rxc1+ 20.Bxc1 Rc8 21.Bd2 e6 22.Rd6 Nxf3+
23.gxf3 Qa1+ 24.Kg2 Qe5 25.Rd7 Qc5 26.Be3 Qc6 27.Rd2 Kg7 28.Bxb6 axb6 29.Qb4 Qc5
30.Qxc5 bxc5 31.Kf1 Kf6 32.Ke2 Ke5 33.Kd3 Kf4 34.Kc4 Kxf3 35.a4 Kxe4 36.a5 e5
37.a6 f5 38.Ra2 Kf3 39.a7 Ra8 40.Kxc5 e4 41.Kd4 h5 42.h4 Kf4 43.Ra3 g5 44.hxg5 Kxg5
45.Ke3 h4 46.f3 h3 47.Kf2 e3+ 48.Kxe3 h2 49.f4+ Kg4 50.Ra1 Kg3 51.Kd4  0-1

[Event "14th Euro Indiv 2013"]
[Site "Legnica POL"]
[Date "2013.05.05"]
[Round "1.35"]
[White "Diermair,A"]
[Black "Kurnosov,I"]
[Result "0-1"]
[WhiteElo "2431"]
[BlackElo "2654"]

1.d4 Nf6 2.c4 g6 3.Nc3 d5 4.cxd5 Nxd5 5.e4 Nxc3 6.bxc3 Bg7 7.Nf3 c5 8.Rb1 O-O
9.Be2 b6 10.O-O Bb7 11.d5 Bxc3 12.Bc4 Bg7 13.Bf4 Ba6 14.Qe2 Qc8 15.Rfe1 Re8
16.Be5 Bxc4 17.Qxc4 Bxe5 18.Nxe5 Nd7 19.Nc6 Nb8 20.Ne5 Nd7 21.Nc6 Qc7 22.e5 e6
23.Rbd1 exd5 24.Qxd5 Nf8 25.Qd6 Rac8 26.Qxc7 Rxc7 27.Rd6 Rec8 28.Nd8 c4 29.Rc1 b5
30.Kf1 b4 31.Ke2 a5 32.Kd2 a4 33.Rb1 Rd7 34.Rxd7 Nxd7 35.Nb7 b3 36.Kc3 Nxe5
37.f4 Ng4 38.Nd6 Rc6 39.Nb5 Ne3 40.axb3 cxb3+ 41.Kd4  0-1

[Event "Asian Zonal 3.1 2013"]
[Site "Doha QAT"]
[Date "2013.05.06"]
[Round "3.7"]
[White "Faraj,Y"]
[Black "AlHuwar,J"]
[Result "1/2-1/2"]
[WhiteElo "2264"]
[BlackElo "2268"]

1.d4 Nf6 2.c4 g6 3.Nc3 d5 4.cxd5 Nxd5 5.e4 Nxc3 6.bxc3 Bg7 7.Nf3 c5 8.Be2 Nc6
9.Be3 Bg4 10.e5 cxd4 11.cxd4 O-O 12.O-O Qd7 13.h3 Be6 14.Qd2 Rfd8 15.Rfd1 Rac8
16.Ng5 Bd5 17.Bg4 e6 18.Bf3 b6 19.Ne4 Na5 20.Bg5 Bxe4 21.Bxe4 Re8 22.Rac1 Nc4
23.Qe2 b5 24.a4 a6 25.axb5 axb5 26.Bd3 Qd5 27.Be4 Qd7 28.Bd3 Qd5  1/2-1/2

[Event "14th Euro Indiv 2013"]
[Site "Legnica POL"]
[Date "2013.05.06"]
[Round "2.75"]
[White "Posedaru,B"]
[Black "Timofeev,Arty"]
[Result "0-1"]
[WhiteElo "2339"]
[BlackElo "2621"]

1.d4 Nf6 2.c4 g6 3.Nc3 d5 4.cxd5 Nxd5 5.e4 Nxc3 6.bxc3 Bg7 7.Bb5+ c6 8.Ba4 O-O
9.Ne2 e5 10.Be3 Qe7 11.d5 Rd8 12.O-O cxd5 13.exd5 b6 14.c4 Bb7 15.Nc3 Nd7
16.Bxd7 Qxd7 17.Rc1 Ba6 18.Qb3 Rac8 19.Ne4 b5 20.Qa3 Bb7 21.Nc5 Bf8 22.Qxa7 Bxc5
23.Bxc5 bxc4 24.Rfd1 Bxd5 25.Qxd7 Rxd7 26.Bb4 f6 27.a4 Kf7 28.Bc3 Ke6 29.Rb1 Rcc7
30.Rb6+ Kf5 31.f3 Ba8 32.Rdd6 Rxd6 33.Rxd6 h5 34.Kf2 g5 35.Ke3 g4 36.Ba5 Rc6
37.Bb4 Rc8 38.Bc3 Rb8 39.Rd2 Rb1 40.fxg4+ hxg4 41.Rb2 Rxb2 42.Bxb2 Bxg2 43.a5 Bb7  0-1

[Event "FSFMB May 2013"]
[Site "Budapest HUN"]
[Date "2013.05.07"]
[Round "4.3"]
[White "Rekasi,Tibor"]
[Black "Brassoi-Tarnovszki,Aurel"]
[Result "0-1"]
[WhiteElo "1633"]
[BlackElo "1594"]

1.d4 Nf6 2.c4 g6 3.Nc3 d5 4.cxd5 Nxd5 5.e4 Nxc3 6.bxc3 Bg7 7.Bc4 O-O 8.Ne2 c5
9.O-O cxd4 10.cxd4 Nc6 11.Bb2 b6 12.Qd2 Bb7 13.d5 Na5 14.Bxg7 Kxg7 15.Rfc1 Nxc4
16.Qd4+ Kg8 17.Qxc4 Rc8 18.Qa4 Rxc1+ 19.Rxc1 a6 20.Qc2 Qd7 21.Qc7 Qb5 22.Qxb7 Qxe2
23.Qxe7 Qxa2 24.d6 Qd2 25.Qc7 Qd4 26.d7 a5 27.g3 a4 28.Qc8 a3 29.Qxf8+ Kxf8  0-1

[Event "14th Euro Indiv 2013"]
[Site "Legnica POL"]
[Date "2013.05.07"]
[Round "3.45"]
[White "Timofeev,Arty"]
[Black "Petr,Ma"]
[Result "1-0"]
[WhiteElo "2621"]
[BlackElo "2523"]

1.d4 Nf6 2.c4 g6 3.Nc3 d5 4.cxd5 Nxd5 5.e4 Nxc3 6.bxc3 Bg7 7.Bg5 c5 8.Rc1 h6
9.Be3 Qa5 10.Qd2 cxd4 11.cxd4 Qxd2+ 12.Kxd2 O-O 13.Nf3 Nc6 14.Bb5 Rd8 15.Bxc6 bxc6
16.Rc5 Rb8 17.Rhc1 Rb4 18.Ne5 Bb7 19.Kc3 Rb5 20.Nd3 Rxc5+ 21.Nxc5 e5 22.dxe5 Bxe5+
23.Kc2 Bc8 24.Bxh6 f5 25.Rd1 Rxd1 26.Kxd1 Bd4 27.Be3 Bxc5 28.Bxc5 a6 29.f3 fxe4
30.fxe4 Be6 31.a3 Bc4 32.Kd2 Bf1 33.g3 Bh3 34.Ke3 Kf7 35.Kf4 Ke6 36.Bd4 Bf1
37.h4 Be2 38.g4 Kf7 39.Kg5 Bd3 40.e5 Ke6 41.Kh6 Kf7 42.h5 gxh5 43.gxh5 Bc2
44.Kg5 Ke6 45.Kh6 Kf7 46.Kg5 Ke6 47.h6 c5 48.Bc3 Bh7 49.Kf4 Kd5 50.Be1 Bb1
51.Bf2 c4 52.Be1 Bh7 53.Bc3 Bb1 54.Ke3 Bh7 55.Kd2 Bf5 56.Kc1 Ke6 57.Kb2 Bh7
58.a4 Kf5 59.Bd4 Kg6 60.Be3 Kf5 61.Bf4 Ke6 62.Kc3 Kd5 63.Kb4 Bd3 64.Bh2 Ke6
65.Bg3 Kd5 66.Bf4 Ke6 67.Kc5 c3 68.Kd4 Bf5 69.Kxc3 Kd7 70.Kb4 Bh7 71.Ka5 Bd3
72.Kb6 Ke6 73.a5 Kd7 74.Bg3 Ke6 75.Bf4 Kd7 76.Bg5 Ke6 77.Bf6 Kd7 78.Bg7 Ke6
79.Kc7 Bf5 80.Bf6 Kf7 81.Kd6 Kg6 82.Bg7 Kf7 83.e6+ Bxe6 84.h7  1-0

[Event "14th Euro Indiv 2013"]
[Site "Legnica POL"]
[Date "2013.05.07"]
[Round "3.59"]
[White "Kanarek,M"]
[Black "Kurnosov,I"]
[Result "1-0"]
[WhiteElo "2474"]
[BlackElo "2654"]

1.d4 Nf6 2.c4 g6 3.Nc3 d5 4.cxd5 Nxd5 5.e4 Nxc3 6.bxc3 Bg7 7.Nf3 c5 8.Rb1 O-O
9.Be2 cxd4 10.cxd4 Qa5+ 11.Bd2 Qxa2 12.O-O Bg4 13.Bg5 h6 14.Be3 Nc6 15.Ra1 Qb2
16.Rb1 Qa2 17.d5 Na5 18.Re1 b6 19.Nd4 Bxe2 20.Rxe2 Qc4 21.h4 Rfd8 22.h5 e5
23.Rc2 Qa4 24.hxg6 exd4 25.gxf7+ Kf8 26.Ra1 Qb4 27.Bc1 Nc4 28.Qg4 h5 29.Qxh5 Qe1+
30.Kh2 Nd6 31.Qh7 Qxe4 32.Qg8+ Ke7 33.Rc7+ Rd7 34.Qxg7  1-0